000 00444nam a2200157Ia 4500
003 OSt
005 20230529143549.0
008 211028s2015 xx 000 0 und d
040 _cAIMIT LIBRARY
041 _aeng
100 _aD'Souza, Lionel Jacque; Santhosh, B.
_98582
_e131914
110 _aSanthosh B
_98583
245 _aOWAITS: online web application of insurance with tracking system.
260 _aMangalore
_c2015
942 _2ddc
_cPRO
999 _c219960
_d219960